000 00296nam a22001337a 4500
008 190306b xxu||||| |||| 00| 0 eng d
020 _a9780070317192
041 _aeng
080 _22nd
_a510
100 _a36
101 _aMAT
245 _aIntermediate Algebra
_cStreeter,J
942 _2udc
_cBK
999 _c54606
_d54606